Investičné a podnikateľské prostredie vybraných krajín Južnej Ameriky – Ekvádor, Peru a Kolumbia bakalárska práca

Uložené v:
Podrobná bibliografia
Hlavný autor: Rochová, Martina
Korporativný autor: Obchodná fakulta EU. Katedra medzinárodného obchodu
Ďalší autori: Baumgartner, Boris
Médium: Kniha
Jazyk:Slovak
Vydavateľské údaje: Bratislava 2018
Tagy: Pridať tag
Žiadne tagy, Buďte prvý, kto otaguje tento záznam!

MARC

LEADER 00000nbm a2200000 4500
001 0245096
005 20180926144010.1
041 0 |a slo 
044 |a SK 
245 1 0 |a Investičné a podnikateľské prostredie vybraných krajín Južnej Ameriky – Ekvádor, Peru a Kolumbia  |b bakalárska práca  |c Martina Rochová ; školiteľ: Boris Baumgartner 
264 1 |a Bratislava  |c 2018 
300 |a 49 s. 
100 1 |a Rochová, Martina 
700 1 |a Baumgartner, Boris 
710 2 |a Obchodná fakulta EU. Katedra medzinárodného obchodu